000
00342nam a2200145 4500
999
_c
509329
_d
509329
008
190501b ||||| |||| 00| 0 eng d
100
_a
Kothari, Rajni
_9
4993
245
_a
As nation builder
260
_c
2018
300
_a
p.29-33.
650
_a
Nation building
_9
4994
773
_a
Seminar
906
_a
Gandhi, M.K.
942
_2
ddc
_c
AR